<?xml version='1.0' encoding='UTF-8'?>
  <record xmlns="http://www.loc.gov/MARC21/slim">
    <leader>00000cam a2200000 i 4500</leader>
    <controlfield tag="001">ocm79942057</controlfield>
    <controlfield tag="003">OCoLC</controlfield>
    <controlfield tag="005">20250714091850.5</controlfield>
    <controlfield tag="008">910424s1526    sz            000 0 lat d</controlfield>
    <datafield tag="040" ind1=" " ind2=" ">
      <subfield code="a">UXG</subfield>
      <subfield code="b">eng</subfield>
      <subfield code="e">rda</subfield>
      <subfield code="e">dcrmr</subfield>
      <subfield code="c">UXG</subfield>
      <subfield code="d">OCLCG</subfield>
      <subfield code="d">OCLCA</subfield>
      <subfield code="d">OCLCF</subfield>
      <subfield code="d">OCLCQ</subfield>
      <subfield code="d">OCLCO</subfield>
      <subfield code="d">OCLCQ</subfield>
      <subfield code="d">QGJ</subfield>
      <subfield code="d">OCLCA</subfield>
      <subfield code="d">QGJ</subfield>
      <subfield code="d">OCLCO</subfield>
      <subfield code="d">J9U</subfield>
      <subfield code="d">OCLCO</subfield>
      <subfield code="d">OCLCQ</subfield>
      <subfield code="d">OCLCL</subfield>
      <subfield code="d">QGJ</subfield>
    </datafield>
    <datafield tag="035" ind1=" " ind2=" ">
      <subfield code="a">(OCoLC)79942057</subfield>
    </datafield>
    <datafield tag="041" ind1="0" ind2=" ">
      <subfield code="a">lat</subfield>
      <subfield code="a">gre</subfield>
      <subfield code="a">heb</subfield>
    </datafield>
    <datafield tag="100" ind1="1" ind2=" ">
      <subfield code="a">Oecolampadius, Johann,</subfield>
      <subfield code="d">1482-1531,</subfield>
      <subfield code="e">author.</subfield>
      <subfield code="4">aut</subfield>
      <subfield code="1">https://id.oclc.org/worldcat/entity/E39PBJfMphbYxKh7WTxRmGrrMP</subfield>
    </datafield>
    <datafield tag="240" ind1="1" ind2="0">
      <subfield code="a">Works.</subfield>
      <subfield code="k">Selections.</subfield>
      <subfield code="f">1526</subfield>
    </datafield>
    <datafield tag="245" ind1="1" ind2="0">
      <subfield code="a">Apologetica Ioann. Oecolampadij. :</subfield>
      <subfield code="b">De dignitate Eucharistiae Sermones duo. Ad Theobaldum Billicanum quinam in uerbis Caenae alienum sensum inferant. Ad Ecclesiastas Sueuos Antisyngramma.</subfield>
    </datafield>
    <datafield tag="246" ind1="3" ind2=" ">
      <subfield code="a">Apologitica Joann. Oecolampadii</subfield>
    </datafield>
    <datafield tag="246" ind1="3" ind2=" ">
      <subfield code="a">Apologetica ... de dignitate Eucharistiae sermones duo</subfield>
    </datafield>
    <datafield tag="264" ind1=" " ind2="1">
      <subfield code="a">[Zürich] :</subfield>
      <subfield code="b">[Christoph Froschauer],</subfield>
      <subfield code="c">M.D.XXVI. [1526].</subfield>
    </datafield>
    <datafield tag="300" ind1=" " ind2=" ">
      <subfield code="a">304 unnumbered pages ;</subfield>
      <subfield code="c">16 cm (8vo)</subfield>
    </datafield>
    <datafield tag="336" ind1=" " ind2=" ">
      <subfield code="a">text</subfield>
      <subfield code="b">txt</subfield>
      <subfield code="2">rdacontent</subfield>
    </datafield>
    <datafield tag="337" ind1=" " ind2=" ">
      <subfield code="a">unmediated</subfield>
      <subfield code="b">n</subfield>
      <subfield code="2">rdamedia</subfield>
    </datafield>
    <datafield tag="338" ind1=" " ind2=" ">
      <subfield code="a">volume</subfield>
      <subfield code="b">nc</subfield>
      <subfield code="2">rdacarrier</subfield>
    </datafield>
    <datafield tag="340" ind1=" " ind2=" ">
      <subfield code="m">8vo</subfield>
      <subfield code="2">rdabf</subfield>
    </datafield>
    <datafield tag="500" ind1=" " ind2=" ">
      <subfield code="a">Place of publication and printer taken form VD 16.</subfield>
    </datafield>
    <datafield tag="500" ind1=" " ind2=" ">
      <subfield code="a">Christoph Froschauer's address to the reader on recto of last leaf; his device appears on verso.</subfield>
    </datafield>
    <datafield tag="500" ind1=" " ind2=" ">
      <subfield code="a">Signatures: A-T⁸.</subfield>
    </datafield>
    <datafield tag="500" ind1=" " ind2=" ">
      <subfield code="a">With initials and printed marginalia.</subfield>
    </datafield>
    <datafield tag="500" ind1=" " ind2=" ">
      <subfield code="a">Errata on leaves T7-T8r.</subfield>
    </datafield>
    <datafield tag="510" ind1="4" ind2=" ">
      <subfield code="a">Verzeichnis der im deutschen Sprachbereich erschienenen Drucke des 16. Jahrhunderts (VD 16),</subfield>
      <subfield code="c">O 305</subfield>
      <subfield code="u">https://gateway-bayern.de/VD16+O+305</subfield>
    </datafield>
    <datafield tag="510" ind1="4" ind2=" ">
      <subfield code="3">Oecolampadius, Johannes. De dignitate eucharistiae sermo. Ad ecclesiastas Suevos antisyngramma:</subfield>
      <subfield code="a">Verzeichnis der im deutschen Sprachbereich erschienenen Drucke des 16. Jahrhunderts (VD 16),</subfield>
      <subfield code="c">O 283</subfield>
      <subfield code="u">https://gateway-bayern.de/VD16+O+283</subfield>
    </datafield>
    <datafield tag="510" ind1="4" ind2=" ">
      <subfield code="3">Oecolampadius, Johannes. De dignitate eucharistiae sermones duo. Ad Theobaldum Billicanum quinam in verbis cenae alienum sensum inferant:</subfield>
      <subfield code="a">Verzeichnis der im deutschen Sprachbereich erschienenen Drucke des 16. Jahrhunderts (VD 16),</subfield>
      <subfield code="c">O 288</subfield>
      <subfield code="u">https://gateway-bayern.de/VD16+O+288</subfield>
    </datafield>
    <datafield tag="510" ind1="4" ind2=" ">
      <subfield code="a">Staehelin, E. Oekolampad-Bibliographie,</subfield>
      <subfield code="c">124</subfield>
    </datafield>
    <datafield tag="510" ind1="4" ind2=" ">
      <subfield code="a">Rudolphi, E.C. Froschauer in Zürich,</subfield>
      <subfield code="c">140</subfield>
    </datafield>
    <datafield tag="510" ind1="4" ind2=" ">
      <subfield code="a">Short-title catalogue of books printed in the German-speaking countries and German books printed in other countries from 1455 to 1600 now in the British Museum,</subfield>
      <subfield code="c">p. 659</subfield>
    </datafield>
    <datafield tag="546" ind1=" " ind2=" ">
      <subfield code="a">Contains some passages in Greek and Hebrew.</subfield>
    </datafield>
    <datafield tag="650" ind1=" " ind2="0">
      <subfield code="a">Lord's Supper.</subfield>
    </datafield>
    <datafield tag="600" ind1="1" ind2="0">
      <subfield code="a">Brenz, Johannes,</subfield>
      <subfield code="d">1499-1570.</subfield>
      <subfield code="t">Syngramma.</subfield>
    </datafield>
    <datafield tag="650" ind1=" " ind2="6">
      <subfield code="a">Eucharistie.</subfield>
    </datafield>
    <datafield tag="650" ind1=" " ind2="7">
      <subfield code="a">eucharists.</subfield>
      <subfield code="2">aat</subfield>
    </datafield>
    <datafield tag="650" ind1=" " ind2="7">
      <subfield code="a">Lord's Supper</subfield>
      <subfield code="2">fast</subfield>
    </datafield>
    <datafield tag="650" ind1=" " ind2="7">
      <subfield code="a">Lord's Supper</subfield>
      <subfield code="2">nli</subfield>
    </datafield>
    <datafield tag="700" ind1="1" ind2="2">
      <subfield code="i">Container of (expression):</subfield>
      <subfield code="a">Oecolampadius, Johann,</subfield>
      <subfield code="d">1482-1531.</subfield>
      <subfield code="t">Ad ecclesiastas Suevos antisyngramma.</subfield>
    </datafield>
    <datafield tag="700" ind1="1" ind2="2">
      <subfield code="i">Container of (expression):</subfield>
      <subfield code="a">Oecolampadius, Johann,</subfield>
      <subfield code="d">1482-1531.</subfield>
      <subfield code="t">Ad Theobaldum Billicanum quinam in verbis caenae alienum sensum inferant.</subfield>
    </datafield>
    <datafield tag="700" ind1="1" ind2=" ">
      <subfield code="a">Froschauer, Christoph,</subfield>
      <subfield code="d">approximately 1490-1564,</subfield>
      <subfield code="e">printer,</subfield>
      <subfield code="e">writer of supplementary textual content.</subfield>
      <subfield code="4">prt</subfield>
      <subfield code="4">wst</subfield>
      <subfield code="1">https://id.oclc.org/worldcat/entity/E39PBJwRRhMyRk8WrFh7XxH6Kd</subfield>
    </datafield>
    <datafield tag="752" ind1=" " ind2=" ">
      <subfield code="a">Switzeland</subfield>
      <subfield code="d">Zürich,</subfield>
      <subfield code="e">publication place.</subfield>
      <subfield code="4">pup</subfield>
    </datafield>
    <datafield tag="758" ind1=" " ind2=" ">
      <subfield code="i">has work:</subfield>
      <subfield code="a">Selections (1526) Works (Text)</subfield>
      <subfield code="1">https://id.oclc.org/worldcat/entity/E39PCFCjdKkkY3fWBWYByF4j83</subfield>
      <subfield code="4">https://id.oclc.org/worldcat/ontology/hasWork</subfield>
    </datafield>
  </record>